| 000 | 00506nam a22001697a 4500 | ||
|---|---|---|---|
| 999 |
_c6699 _d6699 |
||
| 003 | OSt | ||
| 005 | 20230905130215.0 | ||
| 008 | 140227s2007 sp ||||| |||| 00| 0 spa d | ||
| 020 | _a9788430606504 | ||
| 040 |
_bcat _cCPC Lleida |
||
| 100 |
_91434 _aFaus Belau, Ángel |
||
| 245 | 1 | 3 |
_aLa radio en España (1896-1977) _b: una historia documental _c/ Ángel Faus Belau |
| 260 |
_aMadrid : _bTaurus, _c2007 |
||
| 300 |
_a1249 p. _c25 cm. |
||
| 650 | 0 |
_91720 _aRadiodifusió _zEspanya _vHistòria |
|
| 942 |
_cMON _2udc |
||